Quiz Formule 1 2020 - Statistiques

Statistiques générales
  • Ce quiz a été pris 728 fois
  • Le résultat moyen est 9 sur 15
Statistiques - réponses
Questions Réponses % Correct
Combien de grands prix ont été disputés cette année ? 17
97%
Combien de pilotes différents sont montés sur le podium ? 13
94%
Quelle équipe a réalisé 9 des 10 pit-stops les plus rapides de la saison ? Red Bull Honda
80%
Combien de fois George Russell s'est-il fait battre en qualifications ? 1
79%
Qui remplacera Alex Albon chez Red Bull en 2021 ? Sergio Perez
74%
Qui était le pilote le plus âgé à concourir en 2020 ? Kimi Raikkonen
71%
Quelle est la seule écurie à remplacer ses 2 pilotes en 2021 ? Haas F1 Team
68%
Quelle équipe a réalisé le pit-stop le plus rapide manquant ? Williams Racing
57%
Qui remplaça Romain Grosjean, blessé, lors des 2 derniers GP ? Pietro Fittipaldi
45%
Où se déroulait le Grand Prix du 70éme anniversaire ? Royaume-Uni
43%
Quel pilote a marqué un unique point cette saison ? Kevin Magnussen
40%
En dehors des 3 dernières équipes, qui est le seul pilote à ne pas être monté sur le podium ? Daniil Kvyat
35%
Quel pilote a subi le plus d'abandons ? (6) Kevin Magnussen
29%
Quel numéro ce dernier a-t-il choisi pour courir ? 51
24%
Lors de quel Grand Prix ? Hongrie
16%
Aucun quiz correspondant
Distribution des résultats
% des personnes avec chaque résultat
Percentile par nombre de réponses
Votre historique - résultats
Vous n’avez pas pris ce quiz